Spot the Difference XV Quiz Stats

 Plays Quiz Updated May 2, 2017

Support Sporcle.
Go Orange.
Score 0/5 Timer 03:00
13 Plays Today
% Correct
Difference 4
91%
Difference 1
77.9%
Difference 5
74.5%
Difference 3
66.3%
Difference 2
41.6%

You're not logged in!

Compare scores with friends on all Sporcle quizzes.
OR
Log In
Forgot?

From the Vault

110 Movies from the 2010s

by MSUKent

We're falling just shy of one movie for each month of the decade.
Remove Ads.
Support Sporcle.
Get the best of Sporcle when you Go Orange. This ad-free experience offers more features, more stats, and more fun while also helping to support Sporcle. Thank you for becoming a member.

Show Comments

Extras

Top Quizzes Today


Score Distribution

Your Account Isn't Verified!

In order to create a playlist on Sporcle, you need to verify the email address you used during registration. Go to your Sporcle Settings to finish the process.

Report this User

Report this user for behavior that violates our Community Guidelines.

Details: